00574nam a2200169Ia 4500008004000000020001800040082001800058100004400076245004600120260003400166300001100200650002800211690001400239906001100253999001700264952012300281210210b1993 xxu||||| |||| 00| 0 eng d a81 237 0658 8 a530.092k SHAM aSHANTIMAYA CHATARJI & ENAKSHI CHATARJI. aMeghanad saha. Tr by Je Ar Laksh manarav. aNDbNyashanal Buk Trastc1993 aix,157 aMeghanad Saha physicist aBiography a050850 c99695d99695 001040708PhysicsaALbALcPhysicsd2021-02-17g31.00l0o530.092k SHAMp050850r2021-02-17 00:00:00w2021-02-17yBK